Tuntematon sotilas -sitaatit - Statistics

Yleistilastot
  • Tätä visaa on pelattu 132 kertaa
  • Keskiarvotulos 15 / 26
Vastaustilastot
Lainaus Henkilö % Oikein
Mie en lähe täält jalat eellä. Rokka
95%
Asialliset hommat suoritetaan. Muuten ollaan kuin Ellun kanat. Koskela
89%
Kattokka pojat. Mää ole lentokone. Hietanen
88%
Täähä tärkiä ukko ol. Noita jos o enemmä ni ei myö Antti viihytä. Susi
80%
Ei sotaa näin käydä... Eheei. Eheei. Ei tämmösestä sodasta tule niin mitään. Mennäänpäs mokoman suon yli, että heilahtaa. Kaarna
79%
Minä seison nyt kovennettua. Lehto
79%
Tämä ei ole mikään punakaarti, jossa komppanianpäälliköt valitaan huutoäänestyksellä. Lammio
76%
Ei saa jäädä tuleen makaamaan! Kariluoto
74%
Lapualaiset on jo aikoja sitten tapettu. Nyt on laihialaiset menos! Vanhala
74%
Silmät kattoo niin kieroon, että keskiviikkona näkee molemmat sunnuntait. Rahikainen
73%
...ja varjele noita Suomen herroja, etteivät toista kertaa löisi päätään Karjalan mäntyyn. Honkajoki
72%
Tulis kuula ja tappas. Lahtinen
72%
En irvistele, herra alikersantti. Pelottaa, herra alikersantti. Se kun vinkuu! Riitaoja
61%
Sota ei kaipaa yhtä miestä, olkoonpa tämä sitten millainen tahansa. Sarastie
56%
Minkälaista se on kun ihmistä ammutaan? Hauhia
51%
Tuol mutkan takana on slobo! Asumaniemi
49%
Ei meillä ruveta yhtä jalkaa suremahan. Jos on tullu juostua, niin nythän se on pois joka pahentaa... Salo
47%
Älä sää musta huolehdi. Mä oon ikäni hevosta ajanu. Pidä vaan ittestäs huoli!” Korpela
45%
Inariin susia naimaan. Viirilä
43%
Hyökkäämään, hyökkäämään. Minne luulit? Kotiisiko aioit? Mielonen
38%
Eipäs purnata ruoasta. Liha on ehdottomasti vaatimukset täyttävää. Sinkkonen
38%
Älä pelkää! Mennähän rauhas. Ei s'oo ihmises se on suuremmas käres. Mäkilä
36%
Myöhän sitä ollaan rosvoja, kun rajoja ylitetään. Sihvonen
34%
Miksi sitten ojensit kevirin minua vastaan? Vera
27%
Kanttiini myydään tyhjäksi. Kotilainen
25%
Loppu tuli... En jaksa enää. Älkää... älkää... Antakaa elää. Korsumäki
17%
Ehtoja vastaavia visoja ei löytynyt
Tulosjakauma
Jokaisen tuloksen saaneiden osuus
Persentiili vastausten määrän mukaan
Tuloshistoriasi
Et ole pelannut tätä visaa